| 000 | 01127nam a2200241 a 4500 | ||
|---|---|---|---|
| 001 | 000040988 | ||
| 005 | 20240402134028.0 | ||
| 008 | 090715s2009 dr 001 0 spa d | ||
| 040 |
_aDO-SdBNP _bspa _cBNPHU |
||
| 082 |
_axxx _bxx |
||
| 110 | 1 |
_aRepública Dominicana _9447 |
|
| 240 | 1 | 0 | _a[Leyes, etc.] |
| 245 | 1 | 0 |
_aCódigo penal de la República Dominicana : _bactualizada, ampliada y revisado con el de la Suprema adaptado para estudios comparativo, modificado por las leyes 224-84; 24-97; 46-99; 36-00 y 12-07 / _ccompiladores Trajano Vidal Potentini, Juan Pablo Acosta. |
| 246 | 1 | 2 |
_aCódigo penal de la República Dominicana _bactualizado y adaptado para estudios comparativos modificado con las leyes 712-27; 224-84; 24-97; 46-99; 36-2000 |
| 250 | _a7a. ed. | ||
| 260 |
_aMoca, República Dominicana : _bDalis, _c2009. |
||
| 300 |
_a254 p. : ; _c15 cm. |
||
| 500 | _aIncluye índice temático | ||
| 500 | _aIncluye notas al pie de las páginas | ||
| 500 | _aLa biblioteca posee la reimpresión del 2013 | ||
| 700 | 1 | 2 |
_aPotentini Adames, Trajano Vidal _ecomp. _973577 |
| 700 | 1 | 2 |
_aAcosta, Juan Pablo _ecompl _911716 |
| 999 |
_c40478 _d40478 |
||